000
00298nam a22001217a 4500
020
_a
9789380235639
082
_a
627.13
_b
BAI/CA
100
_a
Bairathi, V.K
_9
341
245
_a
Canal design and construction
260
_a
New Delhi
_b
New india Publishing Agency
_c
2012
300
_a
610p
942
_c
BK
999
_c
13762
_d
13762